Pakistan Cricket Quiz - Statistics

General Stats
  • This quiz has been taken 775 times
  • The average score is 6 of 10
Answer Stats
Hint Answer % Correct
Dismissed India's top 3 in the Champions Trophy final Mohammad Amir
84%
Aggressive Lahore Qalandars opener Fakhar Zaman
82%
'The Professor' Mohammad Hafeez
78%
Champions Trophy 2017 Player of the Tournament Hasan Ali
72%
Called up after the Saeed Ajmal ban by the ICC Yasir Shah
71%
Left arm pace bowler who has an almost perfect record against Kohli Junaid Khan
56%
Full name Syed Haider, 10th best T20 bowling figures ever Imad Wasim
44%
Only centurion in all formats Ahmed Shehzad
30%
Test pace bowler who made his debut in the West Indies Mohammad Abbas
27%
The most economical bowler in the world* Rumman Raees
7%
No matching quizzes found
Score Distribution
Percent of People with Each Score
Percentile by Number Answered
Your Score History
You have not taken this quiz